Laporan pasaran harta Jan-Jun 1999 : sektor perdagangan dan perindustrian :

Bibliographic Details
Corporate Authors: Malaysia, Jabatan Penilaian dan Perkhidmatan Harta
Format: Book
Published: Kuala Lumpur : Jabatan Penilaian dan Perkhidmatan Harta , 1999
Subjects:

MARC

LEADER 00000cam a2200000 7i4500
001 0000006684
005 20120710.0
022 0 |a 1511-5038 
040 |a INS 
090 0 0 |a HD890.6.A2   |b M35 1999 
110 1 |a Malaysia   |c Kementerian Kewangan 
245 1 0 |a Laporan pasaran harta Jan-Jun 1999 :   |b sektor perdagangan dan perindustrian :   |b Property market report Jan-Jun 1999 :   |b commercial and industrial sectors   |c Jabatan Penilaian dan Perkhidmatan Harta 
260 |a Kuala Lumpur :   |b Jabatan Penilaian dan Perkhidmatan Harta ,   |c 1999 
300 |a 123 ms. ;   |c 28 cm. 
650 0 0 |a Commercial property   |z Malaysia 
650 0 0 |a Industrial property   |z Malaysia 
650 0 0 |a Real property   |z Malaysia 
710 2 |a Jabatan Penilaian dan Perkhidmatan Harta 
999 |a 0000007537   |b BOOK   |c Red Spot   |e Default branch 
999 |a 0000007538   |b BOOK   |c Red Spot   |e Default branch